000 00300nam a2200109Ia 4500
008 190216s9999||||xx |||||||||||||| ||und||
100 _aVincent Paul
245 0 _aSangethika Padangal Samasthaniyangal Gaveshanathilum Ulpathanathilum
260 _bBhasha Institute
650 _aMalayalam
942 _cBK
999 _c40142
_d40142